000 00288nam a2200109Ia 4500
008 200302s9999 xx 000 0 und d
100 _aGeoffrey Broadbent
245 _aEmerging Concepts in urban space design
260 _bTaylor and francis group Publishd
260 _c2005
300 _a380
999 _c6067
_d6067